Still Game - Statistics

General Stats
  • This quiz has been taken 594 times
  • The average score is 11 of 15
Answer Stats
Hint Answer % Correct
Main character (small) Jack
98%
Main character (tall) Victor
98%
Nosey woman Isa
97%
Owner of local Grocery Navid
94%
Set in which fictional area of Glasgow Craiglang
91%
Tam's wife works here Library
85%
Name of the local pub The Clansman
85%
Barman of the pub Boaby
82%
Pete the ..... Jakey
81%
Name of flats where the main characters live Osprey heights
64%
Celebrity who's face is on Whisky bottle Clark Gable
54%
Big Innes's favourite drink Midori
53%
Name of psycho bus driver Davie
50%
Nickname of dirty mechanic Manky Frankie
48%
Rough area near-by (twinned with the Gaza strip) Park Mill
42%
No matching quizzes found
Score Distribution
Percent of People with Each Score
Percentile by Number Answered
Your Score History
You have not taken this quiz